組織や器官の形成 -高校生物- - Statistics

General Stats
  • This quiz has been taken 53 times
  • The average score is 13 of 40
Answer Stats
Hint Answer % Correct
肛門の上皮 内胚葉後部
75%
皮膚の上皮 表皮
50%
表皮
50%
嗅覚器官 表皮
50%
内耳 表皮
50%
脊髄 神経管
50%
運動神経 神経管
50%
骨格 体節
50%
骨格筋 体節
50%
腎臓 腎節
50%
生殖腺髄質 腎節
50%
四肢の結合組織 外側板
50%
臓器側の腹膜 内側板
50%
臓器を納める 側板の腔所
50%
甲状腺 内胚葉前部
50%
小腸 内胚葉中部
50%
大腸の上皮 内胚葉中部
50%
直腸 内胚葉後部
50%
水晶体 表皮
25%
角膜 表皮
25%
脳下垂体前葉 表皮
25%
交感神経 神経管
25%
感覚神経 神経堤細胞
25%
副交感神経 神経管
25%
真皮 体節
25%
輸尿管 腎節
25%
体壁側の腹膜 外側板
25%
心臓 内側板
25%
内胚葉前部
25%
中耳 内胚葉前部
25%
肝臓 内胚葉前部
25%
副腎髄質 神経堤細胞
0%
神経管
0%
網膜 神経管
0%
下垂体後葉 神経管
0%
生殖腺皮質 外側板
0%
副腎皮質 外側板
0%
血管 内側板
0%
内臓筋 内側板
0%
胃の上皮 内胚葉前部
0%
No matching quizzes found
Score Distribution
Percent of People with Each Score
Percentile by Number Answered
Your Score History
You have not taken this quiz